00454pam a2200181 a 4500001000800000005001700008008004100025010001700066020002800083040001800111041000800129080001400137082002100151100000700172101000800179245005500187504003000242149164020180205075009.0880216s1989 caua b s001 0 eng  a 88004214  a0520063686 (alk. paper) aDLCcDLCdDLC aeng a388.4068 00a388.4068 CHI2191 a19 aSHP10aCoordination without hierarchy :cDonald Chisholm. aBibliography: p. 245-263.